00310nam a2200109Ia 4500008004100000245006200041260004900103260000900152300001000161500001300171650001600184170224s9999 xx 000 0 und d aUsing wise interventions to motivate deliberate practice. bJournal of Personality and Social Psychology c2016 a111:5 aNovember xPsychology.